[Event "BCF-chT2c 1314 (4NCL)"]
[Site "England"]
[Date "2014.05.05"]
[Round "11.224"]
[White "McClement, Andrew"]
[Black "Mackle, Dominic"]
[Result "0-1"]
[WhiteElo "2188"]
[BlackElo "2260"]
[PlyCount "88"]
[EventDate "2013.11.16"]
[EventType "team-tourn"]
[EventRounds "11"]
[EventCountry "ENG"]
[SourceTitle "EXT 2015"]
[Source "ChessBase"]
[SourceDate "2014.11.20"]
[SourceVersion "1"]
[SourceVersionDate "2014.11.20"]
[SourceQuality "1"]
[WhiteTeam "Cambridge II"]
[BlackTeam "Hackney"]
[WhiteTeamCountry "ENG"]
[BlackTeamCountry "ENG"]

1. Nf3 c5 2. e4 Nc6 3. d4 cxd4 4. Nxd4 Nf6 5. Nc3 e6 6. Ndb5 Bb4 7. a3 Bxc3+ 8. Nxc3 d5 9. exd5 exd5 10. Bd3 0-0 11. 0-0 d4 12. Ne4 Bf5 13. Bg5 Bxe4 14. Bxe4 Qd6 15. Bxf6 Qxf6 16. Qd3 g6 17. Rad1 Rad8 18. Rfe1 Rfe8 19. Qb3 Re7 20. Bd5 Red7 21. Bc4 Na5 22. Qb5 Nxc4 23. Qxc4 d3 24. cxd3 Qxb2 25. a4 Qd4 26. Qb3 Rd5 27. Qxb7 Rf5 28. Rf1 Re8 29. Rd2 Qxa4 30. d4 Qa5 31. Rdd1 Re2 32. Qc8+ Kg7 33. Qc4 Re4 34. Ra1 Qb6 35. Ra6 Qb7 36. Qa2 Rg4 37. f3 Rxf3 38. Rxf3 Qxf3 39. Rxa7 Qd1+ 40. Kf2 Qxd4+ 41. Ke1 Re4+ 42. Kf1 Qd1+ 43. Kf2 Qe1+ 44. Kf3 Qe3# 0-1